00489nam a2200193Ia 4500008004100000020001800041050001500059050001800074100002200092245003500114245002200149260001900171260002500190260000900215300001600224300002000240300001100260650002400271160319s9999 xx 000 0 und d a971-93014-6-5 aFIL QA 551 b.P36 2002 c.2 aPanopio, Felix M. aSimplified analytic geometry / cFelix M. Panopio. aBatangas City: bFeliber Pub. House., c2002 a258 pages : billustrations ; c25 cm. aGeometry, Analytic.